Compiler design in C / (Record no. 193404)

000 -LEADER
fixed length control field 01124 a2200289 4500
003 - CONTROL NUMBER IDENTIFIER
control field Nust
005 - DATE AND TIME OF LATEST TRANSACTION
control field 20221012181435.0
020 ## - INTERNATIONAL STANDARD BOOK NUMBER
International Standard Book Number 812030778x
040 ## - CATALOGING SOURCE
Transcribing agency Nust
082 ## - DEWEY DECIMAL CLASSIFICATION NUMBER
Classification number 005.453,HOL
100 1# - MAIN ENTRY--PERSONAL NAME
Personal name Holub, Allen I.
9 (RLIN) 100066
245 00 - TITLE STATEMENT
Title Compiler design in C /
Statement of responsibility, etc. Allen I. Holub
260 ## - PUBLICATION, DISTRIBUTION, ETC.
Place of publication, distribution, etc. Englewood Cliffs, N.J. :
Name of publisher, distributor, etc. Prentice Hall,
Date of publication, distribution, etc. c.1990
300 ## - PHYSICAL DESCRIPTION
Extent xviii,924 P. :
Other physical details ill.
440 #0 - SERIES STATEMENT/ADDED ENTRY--TITLE
Title Prentice-Hall software series,
9 (RLIN) 100067
505 ## - FORMATTED CONTENTS NOTE
Formatted contents note Basic Concepts (Page-1), Input and Lexical Analysis (Page-32), Context-Free Grammars (Page-166), Top-Down Parsing (Page-195), Bottom –Up parsing (Page-337), Code Generation (Page-445), Optimization Strategies (Page-657), Appendix A (Page-680).
650 #7 - SUBJECT ADDED ENTRY--TOPICAL TERM
Topical term or geographic name entry element C
9 (RLIN) 36797
650 #7 - SUBJECT ADDED ENTRY--TOPICAL TERM
Topical term or geographic name entry element C (Computer program language)
9 (RLIN) 1226
650 #7 - SUBJECT ADDED ENTRY--TOPICAL TERM
Topical term or geographic name entry element C (Computer programming languages)
9 (RLIN) 100068
650 #7 - SUBJECT ADDED ENTRY--TOPICAL TERM
Topical term or geographic name entry element C (Programmeringsspr嫩
9 (RLIN) 100069
650 #7 - SUBJECT ADDED ENTRY--TOPICAL TERM
Topical term or geographic name entry element C (programspr嫩
9 (RLIN) 100070
650 #7 - SUBJECT ADDED ENTRY--TOPICAL TERM
Topical term or geographic name entry element Compilers (Computer programs)
9 (RLIN) 36877
650 #7 - SUBJECT ADDED ENTRY--TOPICAL TERM
Topical term or geographic name entry element Composites
9 (RLIN) 47226
650 #7 - SUBJECT ADDED ENTRY--TOPICAL TERM
Topical term or geographic name entry element Kompilatorer
9 (RLIN) 100071
650 #7 - SUBJECT ADDED ENTRY--TOPICAL TERM
Topical term or geographic name entry element Programming languages
9 (RLIN) 58751
942 ## - ADDED ENTRY ELEMENTS (KOHA)
Source of classification or shelving scheme
Koha item type Book
Call number prefix 005.453,HOL
Holdings
Withdrawn status Lost status Source of classification or shelving scheme Damaged status Not for loan Permanent Location Current Location Shelving location Date acquired Full call number Barcode Date last seen Price effective from Koha item type Public note
          Military College of Signals (MCS) Military College of Signals (MCS) General Stacks 12/12/2016 005.453,HOL MCS30367 12/08/2016 12/12/2016 Book Almirah No.6, Shelf No.4
© 2023 Central Library, National University of Sciences and Technology. All Rights Reserved.